Quiz Cultura Generale - Quiz n°32 - Statistics

Statistiche generali
  • Questo quiz è stato fatto 240 volte
  • Il punteggio medio è 7 su 15
Statistiche sulle risposte
Domanda Risposta % Corretto
Quale festività cristiana si celebra il 25 dicembre? Natale
99%
In quale parte del corpo si trova la tibia? Gamba
97%
Di quale gruppo musicale italiano fa parte Victoria De Angelis? Måneskin
70%
Di che colore è la fumata che non annuncia l'avvenuta elezione del Papa? Nera
65%
Dove si sono svolti i Campionati europei di calcio del 2016? Francia
60%
Chi ha scritto le "Ultime lettere di Jacopo Ortis"? Ugo Foscolo
56%
Di che colore è il manto della zebra? Bianco-nero
55%
Qual è il pianeta più vicino al Sole? Mercurio
49%
Qual è stato il nome di San Pietroburgo dal 1924 al 1991? Leningrado
43%
Qual è la seconda isola più grande delle Baleari? Minorca
32%
Come si chiama la moglie del re Umberto I di Savoia? Margherita
27%
Qual è la guida spirituale della tradizione buddhista tibetana? Dalai Lama
25%
Qual è l'osso è situato nella parte inferiore e posteriore della scatola cranica? Osso occipitale
20%
Qual è il femminile di trasgressore? Trasgreditrice
19%
In quale cantone svizzero si trova Zurigo? Canton Zurigo
10%
Nessun quiz corrispondente trovato
Distribuzione punteggi
Percentuale di utenti per punteggio
Percentile per numero di risposta
I tuoi punteggi nel tempo
Non hai fatto questo quiz